| 000 | 01075nam a2200313 4500 | ||
|---|---|---|---|
| 001 | 0000015503 | ||
| 003 | CO-CtgCURN | ||
| 005 | 20250331183921.0 | ||
| 007 | ta | ||
| 008 | 160627s1994 000 0 eng d | ||
| 020 | _a8418701933 | ||
| 040 |
_aCO-CtgCURN _bspa _ccoctgcurn |
||
| 082 | 0 |
_a190.2 _bL96p |
|
| 100 | 1 | _aLyotard, Jean Francois. | |
| 245 | 1 | 0 |
_aPor que filosofar? / _cJean-Francois Lyotard , Introducción Jacobo Muñoz , traducción Godofredo González. |
| 260 |
_aBarcelona : _bEdiciones Altaya, _c1994. |
||
| 300 | _a164 p. | ||
| 336 | _2rdacontent | ||
| 337 |
_2rdamedia _asin mediacion _bn |
||
| 338 |
_2rdacarrier _avolumen _bnc |
||
| 490 | 1 |
_aGrandes obras del pensamiento ; _v71 |
|
| 500 | _aTitulo original : Pourquoi philosopher? | ||
| 505 | 8 | _aPor que desear.--Filosofia y origen.--Sobre la palabra filosofica.--sobre filosofia y Acción | |
| 650 | 1 | 4 | _aFilosofia. |
| 700 | 1 |
_aMuñoz, Jacobo, _eTraductor. |
|
| 908 | _a160627 | ||
| 942 |
_cBK _h190.2 _iL96p _2ddc |
||
| 999 |
_c17448 _d17448 |
||